Normal view MARC view
  • Wood Work

Entry Topical Term

Number of records used in: 1

001 - CONTROL NUMBER

  • control field: 107304

003 - CONTROL NUMBER IDENTIFIER

  • control field: NUST

005 - DATE AND TIME OF LATEST TRANSACTION

  • control field: 20230120182857.0

008 - FIXED-LENGTH DATA ELEMENTS

  • fixed length control field: 230120|| aca||aabn | a|a d

040 ## - CATALOGING SOURCE

  • Original cataloging agency: NUST
  • Transcribing agency: NUST

150 ## - HEADING--TOPICAL TERM

  • Topical term or geographic name entry element: Wood Work

670 ## - SOURCE DATA FOUND

  • Source citation: Work cat.: (NUST)185233: Smith, Donald 107303, Wood Work /, 1937
© 2023 Central Library, National University of Sciences and Technology. All Rights Reserved.